000 00276nam a22001097a 4500
082 _a080/MUR
100 _aMurphy,Joseph
_982092
245 _aThe Power Of Your Subconscious Mind
260 _aMumbai
_bJaico Publishing House
_c2023
650 _aMotivational
_917686
942 _cBK
999 _c66432
_d66432